000 00709nam a22001937a 4500
999 _c176470
_d176470
005 20201229151754.0
010 _aUR-10982
020 _c400.00
_a9788193780893
035 _aU-9537
037 _bDBAD/PUB
082 _a840.1
100 _qعز يز ا للہ شير ا نی
245 _aا بعا د بصير ت (کتا بو ں پر تبصر ے )
_cعز يز ا للہ شير ا نی
246 _bAbad Basirat(Kitabon Par Tabsare) (Urdu)
_abyAzizullah Sherani
260 _aRajisthan
_bAzizullah Sherani
_c2020 ء
270 _aFarhat Manzil,Kali PaltonNear Dewanj's KuwanTonk,
_bTonk
_e304001
_k9214984819
_l-
300 _a368 ص
_c22 Cm(Hb)
942 _2ddc
_cUR
_h840.1
_mش ي ر